Statistics for Movies By 1 Actor and 1 Actress - Part 22

Click here to take the quiz!

General Stats

  • This quiz has been taken 4 times
  • The average score is 19 of 26

Answer Stats

CastMovie% Correct
Michelle Yeoh, Ke Huy QuanEverything Everywhere All at Once
100%
Jamie Lee Curtis, James Jude CourtneyHalloween
100%
Mark Wahlberg, Diane LaneThe Perfect Storm
100%
Margot Robbie, Tobey MaguireBabylon
75%
Sandra Bullock, Tom HollanderBird Box
75%
Edward Norton, Naomi WattsBirdman
75%
Chadwick Boseman, Letitia WrightBlack Panther
75%
Mickey Rourke, Gwyneth PaltrowIron Man 2
75%
Pam Grier, Chris TuckerJackie Brown
75%
Maria Bello, Andy GarciaMax Steel
75%
Brad Pitt, Tina FeyMegamind
75%
Adam Sandler, Melanie LaurentMurder Mystery 2
75%
Awkwafina, James CordenOcean's Eight
75%
Mark Wahlberg, Helena Bonham CarterPlanet of the Apes
75%
Jodie Foster, Anton YelchinThe Beaver
75%
Cate Blanchett, Tobey MaguireThe Good German
75%
Jennifer Jason Leigh, Demian BichirThe Hateful Eight
75%
Will Arrnett, Rosario DawsonThe Lego Batman Movie
75%
Bruce Willis, Rosanna ArquetteThe Whole Nine Yards
75%
Judy Garland, Jack HaleyThe Wizard of Oz
75%
Miles Teller, Jennifer ConnellyTop Gun: Maverick
75%
Nicolas Cage, Viola DavisWorld Trade Center
75%
Danny McBride, Natalie PortmanYour Highness
75%
Elizabeth Taylor, Rock HudsonGiant
50%
Carrie Fisher, Warwick DavisReturn of the Jedi
50%
Rosario Dawson, Sid HaigThr Haunted World of El Superbeasto
0%

Score Distribution

Percentile by Number Answered

Percent of People with Each Score

Your Score History

You have not taken this quiz